El libro de Buen Amor

محفوظ في:
التفاصيل البيبلوغرافية
المؤلف الرئيسي: Hita, Arcipreste de
التنسيق: كتاب
اللغة:Undetermined
منشور في: París, Francia Laghy 1936
الموضوعات:
الوسوم: إضافة وسم
لا توجد وسوم, كن أول من يضع وسما على هذه التسجيلة!

MARC

LEADER 00000nam a2200000Ia 4500
008 170316s9999 xx 000 0 und d
040 |a cru BVZT 
090 |a 862 H-8L 
100 |a Hita, Arcipreste de 
245 |a El libro de Buen Amor 
260 |a París, Francia 
260 |b Laghy 
260 |c 1936 
300 |a 271 páginas 
650 |a LITERATURA ESPAÑOLA 
650 |a LITERATURA MEDIEVAL ESPAÑOLA 
650 |a POESÍA 
999 |c 9983  |d 9983 
942 |c 15 D  |h 862 H-8L  |2 z